000 00515nam a2200181 i 4500
001 19917
003 ES-MaACL
005 20230906152207.0
007 t|
008 021029s2001 sp ||||1| spa d
020 _a84-9318646-5
080 _a821.134.2-14"19"
100 1 _aSotoca, María Jesús.
_9107542
245 1 3 _aEl gran libro de los ángeles /
_cM.J. Sotoca.
260 _aMadrid :
_bPublicaciones Selecciones Creación,
_c[2001]
300 _a[82] p. ;
_c19 cm.
852 _aES-MaACL
_jL-3222
_bR.132072
999 _c19917
_d19917